000 01253nam a22003377a 4500
003 CHAP
005 20220817043920.0
008 031031d2001 mx r 00010 spa d
010 _a87862
011 _a88834
020 _a9688209813
035 _a99379
040 _cCHAP
090 _aFolleto 16686
110 2 _aMéxico. Presidencia de la República
245 1 0 _aDiscurso del Presidente de la República, Vicente Fox, durante la presentación del Programa Nacional de Salud y Nutrición de los Pueblos Indígenas el 1 de marzo de 2001, Villa Victoria, Edo. de Méx.
_c/por Presidencia de la República
260 _aMéxico, D.F. :
_bPresidencia de la República. Coordinación General de Opinión Pública e Imagen,
_c2001.
300 _a8 p.
590 _aBATCH-UPD
_b10
_c20130110
_lUCH01
_h1111
590 _aBATCH-UPD
_b10
_c20130410
_lUCH01
_h0702
590 _aBATCH-UPD
_b10
_c20130914
_lUCH01
_h1632
590 _aCONVERSION
_b10
_c20130109
_lUCH01
_h1349
650 1 4 _aIndios de México.
650 1 4 _aMazahuas.
_973307
650 1 4 _aNutrición
_xMéxico (Edo.)
_982264
650 1 4 _aSalud.
_9101807
901 _aBK
905 _aAlejandra Carrasco M.
942 _cFOLL
949 _aFolleto 16686
_bBC
_cFOLL
_d993791
_eTS1
_i99379
_sb
999 _c87862
_d87862